000 00471cam a2200157 4500500
005 20260329021345.0
041 _afre
042 _adc
100 1 0 _aEvdirehîm, Dewran
_eauthor
700 1 0 _aDepaule, Jean-Charles
_eauthor
245 0 0 _aUne question décapitée
260 _c2026.
500 _a27
786 0 _nPo&sie | 194 | 4 | 2026-02-27 | p. 73-88 | 0152-0032
856 4 1 _uhttps://shs.cairn.info/revue-poesie-2025-4-page-73?lang=fr&redirect-ssocas=7080
999 _c1911944
_d1911944